[Event "DEM U10 2022"]
[Site "Willingen GER"]
[Date "2022.06.08"]
[Round "6"]
[White "Zimmer, Tim"]
[Black "Nezhyvenko, Mykhaylo"]
[Result "1/2-1/2"]
[Termination "normal"]
[Board "1"]
[WhiteElo "1164"]
[BlackElo "1488"]
[WhiteClock "00:36:05"]
[BlackClock "00:53:36"]
[PlyCount "66"]
[WhiteFideId "34603115"]
[BlackFideId "34139885"]
[EventCountry "GER"]
[EventRounds "11"]
[EventType "swiss"]
[EventDate "2022.06.04"]

1. e4 {[%clk 01:15:57]} {[%emt 00:00:02]} c5 {[%clk 01:16:00]} 2. Nf3 {[%clk
01:16:19]} {[%emt 00:00:09]} e6 {[%clk 01:16:22]} {[%emt 00:00:08]} 3. d4
{[%clk 01:16:20]} {[%emt 00:00:29]} cxd4 {[%clk 01:16:51]} {[%emt 00:00:02]} 4.
Nxd4 {[%clk 01:16:41]} {[%emt 00:00:09]} Nc6 {[%clk 01:17:19]} {[%emt
00:00:02]} 5. Nc3 {[%clk 01:16:16]} {[%emt 00:00:54]} Qc7 {[%clk 01:17:48]}
{[%emt 00:00:01]} 6. a3 {[%clk 01:15:00]} {[%emt 00:01:47]} a6 {[%clk
01:18:03]} {[%emt 00:00:15]} 7. Be3 {[%clk 01:14:29]} {[%emt 00:01:00]} Nf6
{[%clk 01:18:30]} {[%emt 00:00:02]} 8. Be2 {[%clk 01:14:42]} {[%emt 00:00:17]}
Be7 {[%clk 01:18:01]} {[%emt 00:01:00]} 9. Qd2 {[%clk 01:14:21]} {[%emt
00:00:51]} O-O {[%clk 01:18:10]} {[%emt 00:00:21]} 10. f4 {[%clk 01:13:37]}
{[%emt 00:01:14]} d6 {[%clk 01:18:35]} {[%emt 00:00:05]} 11. O-O-O {[%clk
01:06:58]} {[%emt 00:07:09]} b5 {[%clk 01:18:51]} {[%emt 00:00:14]} 12. Nxc6
{[%clk 01:07:08]} {[%emt 00:00:21]} Qxc6 {[%clk 01:19:09]} {[%emt 00:00:12]}
13. Bf3 {[%clk 01:04:46]} {[%emt 00:02:51]} e5 {[%clk 01:17:08]} {[%emt
00:02:31]} 14. f5 {[%clk 01:04:10]} {[%emt 00:01:06]} b4 {[%clk 01:12:08]}
{[%emt 00:05:30]} 15. axb4 {[%clk 01:02:31]} {[%emt 00:02:09]} Qc4 {[%clk
01:12:37]} {[%emt 00:00:01]} 16. Nd5 {[%clk 01:01:11]} {[%emt 00:01:50]} Nxd5
{[%clk 01:11:51]} {[%emt 00:01:17]} 17. Qxd5 {[%clk 01:01:04]} {[%emt
00:00:36]} Qxd5 {[%clk 01:12:21]} {[%emt 00:00:01]} 18. Rxd5 {[%clk 01:01:18]}
{[%emt 00:00:15]} Bb7 {[%clk 01:12:47]} {[%emt 00:00:04]} 19. Rd3 {[%clk
01:00:07]} {[%emt 00:01:40]} Rfc8 {[%clk 01:13:16]} {[%emt 00:00:02]} 20. Rhd1
{[%clk 00:59:16]} {[%emt 00:01:21]} Rc4 {[%clk 01:13:38]} {[%emt 00:00:07]} 21.
Rc3 {[%clk 00:56:22]} {[%emt 00:03:24]} Rac8 {[%clk 01:13:16]} {[%emt
00:00:52]} 22. Rdd3 {[%clk 00:54:09]} {[%emt 00:02:43]} Bf8 {[%clk 01:03:26]}
{[%emt 00:10:21]} 23. Bd2 {[%clk 00:47:59]} {[%emt 00:06:40]} f6 {[%clk
00:57:01]} {[%emt 00:06:55]} 24. b3 {[%clk 00:42:51]} {[%emt 00:05:38]} Rxc3
{[%clk 00:57:12]} {[%emt 00:00:19]} 25. Rxc3 {[%clk 00:43:10]} {[%emt
00:00:10]} Rxc3 {[%clk 00:57:34]} {[%emt 00:00:07]} 26. Bxc3 {[%clk 00:43:37]}
{[%emt 00:00:04]} Kf7 {[%clk 00:57:52]} {[%emt 00:00:12]} 27. Kd2 {[%clk
00:42:47]} {[%emt 00:01:20]} g6 {[%clk 00:57:58]} {[%emt 00:00:24]} 28. g4
{[%clk 00:42:38]} {[%emt 00:00:38]} Bh6+ {[%clk 00:54:35]} {[%emt 00:03:52]}
29. Kd3 {[%clk 00:42:02]} {[%emt 00:01:06]} Bf4 {[%clk 00:54:50]} {[%emt
00:00:17]} 30. h3 {[%clk 00:42:14]} {[%emt 00:00:17]} Bc6 {[%clk 00:54:32]}
{[%emt 00:00:49]} 31. Bd2 {[%clk 00:38:55]} {[%emt 00:03:48]} Ke7 {[%clk
00:53:51]} {[%emt 00:01:11]} 32. Bxf4 {[%clk 00:35:56]} {[%emt 00:03:30]} exf4
{[%clk 00:54:20]} {[%emt 00:00:01]} 33. Kd4 {[%clk 00:36:05]} {[%emt 00:00:21]}
Bb5 {[%clk 00:53:36]} {[%emt 00:01:14]} 1/2-1/2

[Event "DEM U10 2022"]
[Site "Willingen GER"]
[Date "2022.06.08"]
[Round "6"]
[White "Hepp, Daniel"]
[Black "Teng, David"]
[Result "1-0"]
[Termination "normal"]
[Board "6"]
[WhiteElo "1468"]
[BlackElo "1423"]
[WhiteClock "00:47:51"]
[BlackClock "00:12:44"]
[PlyCount "67"]
[WhiteFideId "34608567"]
[BlackFideId "34604570"]
[EventCountry "GER"]
[EventRounds "11"]
[EventType "swiss"]
[EventDate "2022.06.04"]

1. d4 {[%clk 01:15:58]} {[%emt 00:00:01]} d5 {[%clk 01:15:51]} {[%emt
00:00:09]} 2. c4 {[%clk 01:16:10]} {[%emt 00:00:18]} e6 {[%clk 01:16:15]}
{[%emt 00:00:06]} 3. Nc3 {[%clk 01:16:19]} {[%emt 00:00:21]} Nf6 {[%clk
01:16:27]} {[%emt 00:00:17]} 4. Bg5 {[%clk 01:16:07]} {[%emt 00:00:43]} Be7
{[%clk 01:16:26]} {[%emt 00:00:31]} 5. Nf3 {[%clk 01:16:08]} {[%emt 00:00:29]}
O-O {[%clk 01:16:25]} {[%emt 00:00:30]} 6. e3 {[%clk 01:16:08]} {[%emt
00:00:31]} h6 {[%clk 01:16:16]} {[%emt 00:00:38]} 7. Bh4 {[%clk 01:16:13]}
{[%emt 00:00:25]} b6 {[%clk 01:16:17]} {[%emt 00:00:29]} 8. Bd3 {[%clk
01:15:45]} {[%emt 00:00:58]} dxc4 {[%clk 01:16:23]} {[%emt 00:00:24]} 9. Bxc4
{[%clk 01:16:00]} {[%emt 00:00:16]} Bb7 {[%clk 01:15:11]} {[%emt 00:01:42]} 10.
O-O {[%clk 01:15:41]} {[%emt 00:00:50]} Nbd7 {[%clk 01:11:33]} {[%emt
00:04:07]} 11. Qe2 {[%clk 01:15:10]} {[%emt 00:01:01]} c5 {[%clk 01:09:44]}
{[%emt 00:02:19]} 12. Rfd1 {[%clk 01:14:47]} {[%emt 00:00:53]} cxd4 {[%clk
01:05:30]} {[%emt 00:04:44]} 13. Rxd4 {[%clk 01:13:33]} {[%emt 00:01:44]} Qc7
{[%clk 01:04:10]} {[%emt 00:01:50]} 14. Bg3 {[%clk 01:12:03]} {[%emt 00:02:01]}
e5 {[%clk 00:56:44]} {[%emt 00:07:55]} 15. Rc1 {[%clk 01:09:33]} {[%emt
00:03:00]} Qc5 {[%clk 00:53:53]} {[%emt 00:03:20]} 16. Rdd1 {[%clk 01:07:05]}
{[%emt 00:03:00]} Rac8 {[%clk 00:50:32]} {[%emt 00:03:50]} 17. Bb3 {[%clk
01:06:22]} {[%emt 00:01:13]} Qa5 {[%clk 00:47:54]} {[%emt 00:03:08]} 18. Bc4
{[%clk 01:04:25]} {[%emt 00:02:28]} e4 {[%clk 00:42:07]} {[%emt 00:06:17]} 19.
Nd4 {[%clk 01:00:15]} {[%emt 00:04:39]} Nc5 {[%clk 00:40:54]} {[%emt 00:01:43]}
20. Nf5 {[%clk 00:59:31]} {[%emt 00:01:15]} Rfe8 {[%clk 00:36:19]} {[%emt
00:05:05]} 21. Bd6 {[%clk 00:59:27]} {[%emt 00:00:34]} Bd8 {[%clk 00:34:01]}
{[%emt 00:02:47]} 22. Bxc5 {[%clk 00:59:31]} {[%emt 00:00:27]} Qxc5 {[%clk
00:31:51]} {[%emt 00:02:40]} 23. Nd6 {[%clk 00:59:52]} {[%emt 00:00:10]} Bc7
{[%clk 00:27:17]} {[%emt 00:05:04]} 24. Bxf7+ {[%clk 00:58:13]} {[%emt
00:02:09]} Kf8 {[%clk 00:24:41]} {[%emt 00:03:04]} 25. Nxe8 {[%clk 00:54:32]}
{[%emt 00:04:12]} Nxe8 {[%clk 00:22:37]} {[%emt 00:02:32]} 26. Bxe8 {[%clk
00:54:49]} {[%emt 00:00:15]} Rxe8 {[%clk 00:22:55]} {[%emt 00:00:12]} 27. Nd5
{[%clk 00:54:40]} {[%emt 00:00:39]} Bxh2+ {[%clk 00:22:05]} {[%emt 00:01:19]}
28. Kxh2 {[%clk 00:53:35]} {[%emt 00:01:35]} Qd6+ {[%clk 00:21:50]} {[%emt
00:00:45]} 29. Nf4 {[%clk 00:53:52]} {[%emt 00:00:14]} Qf6 {[%clk 00:20:36]}
{[%emt 00:01:43]} 30. g3 {[%clk 00:51:56]} {[%emt 00:02:27]} g5 {[%clk
00:16:39]} {[%emt 00:04:26]} 31. Ng2 {[%clk 00:51:06]} {[%emt 00:01:21]} Qf5
{[%clk 00:14:34]} {[%emt 00:02:34]} 32. Qh5 {[%clk 00:49:01]} {[%emt 00:02:35]}
Qe6 {[%clk 00:14:13]} {[%emt 00:00:51]} 33. Rc7 {[%clk 00:47:54]} {[%emt
00:01:37]} Bc8 {[%clk 00:12:44]} {[%emt 00:01:59]} 34. Rh7 {[%clk 00:47:51]}
{[%emt 00:00:33]} 1-0

[Event "DEM U10 2022"]
[Site "Willingen GER"]
[Date "2022.06.08"]
[Round "6"]
[White "Fischermann, Simon"]
[Black "Peglau, Paul David"]
[Result "1/2-1/2"]
[Termination "normal"]
[Board "7"]
[WhiteElo "1344"]
[BlackElo "1623"]
[WhiteClock "00:40:58"]
[BlackClock "00:00:35"]
[PlyCount "81"]
[WhiteFideId "34620869"]
[BlackFideId "16290550"]
[EventCountry "GER"]
[EventRounds "11"]
[EventType "swiss"]
[EventDate "2022.06.04"]

1. e4 {[%clk 01:15:56]} {[%emt 00:00:03]} e6 {[%clk 01:15:33]} {[%emt
00:00:27]} 2. d4 {[%clk 01:16:18]} {[%emt 00:00:09]} d5 {[%clk 01:15:59]}
{[%emt 00:00:05]} 3. exd5 {[%clk 01:16:27]} {[%emt 00:00:21]} exd5 {[%clk
01:16:27]} {[%emt 00:00:02]} 4. Bf4 {[%clk 01:16:31]} {[%emt 00:00:26]} Nf6
{[%clk 01:16:43]} {[%emt 00:00:13]} 5. Bd3 {[%clk 01:16:53]} {[%emt 00:00:08]}
Bd6 {[%clk 01:16:43]} {[%emt 00:00:30]} 6. Bxd6 {[%clk 01:16:58]} {[%emt
00:00:25]} Qxd6 {[%clk 01:17:10]} {[%emt 00:00:04]} 7. Nc3 {[%clk 01:16:51]}
{[%emt 00:00:37]} c6 {[%clk 01:10:10]} {[%emt 00:07:31]} 8. Qd2 {[%clk
01:16:50]} {[%emt 00:00:31]} O-O {[%clk 01:09:57]} {[%emt 00:00:43]} 9. O-O-O
{[%clk 01:17:14]} {[%emt 00:00:06]} b5 {[%clk 01:06:44]} {[%emt 00:03:44]} 10.
f3 {[%clk 01:16:07]} {[%emt 00:01:36]} a5 {[%clk 01:04:17]} {[%emt 00:02:57]}
11. g4 {[%clk 01:16:18]} {[%emt 00:00:18]} Be6 {[%clk 01:01:58]} {[%emt
00:02:50]} 12. h4 {[%clk 01:16:38]} {[%emt 00:00:10]} a4 {[%clk 00:59:32]}
{[%emt 00:02:56]} 13. h5 {[%clk 01:16:28]} {[%emt 00:00:40]} b4 {[%clk
00:58:28]} {[%emt 00:01:34]} 14. Nb1 {[%clk 01:16:52]} {[%emt 00:00:07]} Na6
{[%clk 00:56:09]} {[%emt 00:02:49]} 15. g5 {[%clk 01:17:05]} {[%emt 00:00:16]}
Nd7 {[%clk 00:55:42]} {[%emt 00:00:57]} 16. f4 {[%clk 01:15:41]} {[%emt
00:01:54]} f5 {[%clk 00:48:26]} {[%emt 00:07:47]} 17. g6 {[%clk 01:15:43]}
{[%emt 00:00:28]} h6 {[%clk 00:48:26]} {[%emt 00:00:30]} 18. Nf3 {[%clk
01:15:07]} {[%emt 00:01:05]} b3 {[%clk 00:46:26]} {[%emt 00:02:31]} 19. cxb3
{[%clk 01:14:22]} {[%emt 00:01:15]} axb3 {[%clk 00:46:24]} {[%emt 00:00:32]}
20. a3 {[%clk 01:14:13]} {[%emt 00:00:39]} c5 {[%clk 00:45:32]} {[%emt
00:01:22]} 21. Bxa6 {[%clk 01:13:45]} {[%emt 00:00:58]} Rxa6 {[%clk 00:45:06]}
{[%emt 00:00:56]} 22. Nc3 {[%clk 01:12:54]} {[%emt 00:01:20]} Rc8 {[%clk
00:42:44]} {[%emt 00:02:52]} 23. Kb1 {[%clk 01:08:17]} {[%emt 00:05:08]} Nf6
{[%clk 00:35:45]} {[%emt 00:07:29]} 24. Ne5 {[%clk 01:05:31]} {[%emt 00:03:16]}
Ne4 {[%clk 00:30:17]} {[%emt 00:05:57]} 25. Nxe4 {[%clk 01:05:36]} {[%emt
00:00:25]} dxe4 {[%clk 00:29:52]} {[%emt 00:00:57]} 26. dxc5 {[%clk 01:04:55]}
{[%emt 00:01:10]} Qxc5 {[%clk 00:27:45]} {[%emt 00:02:37]} 27. Rc1 {[%clk
01:02:49]} {[%emt 00:02:37]} Rd6 {[%clk 00:24:19]} {[%emt 00:03:56]} 28. Qe2
{[%clk 00:56:34]} {[%emt 00:06:45]} Qd4 {[%clk 00:18:32]} {[%emt 00:06:16]} 29.
Qb5 {[%clk 00:53:05]} {[%emt 00:03:59]} Rdd8 {[%clk 00:10:18]} {[%emt
00:08:44]} 30. Nc6 {[%clk 00:51:14]} {[%emt 00:02:21]} Qd7 {[%clk 00:09:33]}
{[%emt 00:01:15]} 31. Qa5 {[%clk 00:43:34]} {[%emt 00:08:11]} Qd3+ {[%clk
00:06:58]} {[%emt 00:03:04]} 32. Ka1 {[%clk 00:43:50]} {[%emt 00:00:14]} Re8
{[%clk 00:05:29]} {[%emt 00:02:00]} 33. Rhd1 {[%clk 00:43:03]} {[%emt
00:01:16]} Rxc6 {[%clk 00:04:16]} {[%emt 00:01:44]} 34. Rb1 {[%clk 00:42:50]}
{[%emt 00:00:43]} Ra6 {[%clk 00:02:01]} {[%emt 00:02:45]} 35. Qc7 {[%clk
00:42:48]} {[%emt 00:00:30]} Qc4 {[%clk 00:01:12]} {[%emt 00:01:21]} 36. Qe5
{[%clk 00:42:21]} {[%emt 00:00:56]} Raa8 {[%clk 00:00:54]} {[%emt 00:00:49]}
37. Rbc1 {[%clk 00:41:52]} {[%emt 00:00:58]} Qa4 {[%clk 00:00:48]} {[%emt
00:00:35]} 38. Rc7 {[%clk 00:40:59]} {[%emt 00:01:23]} Bd7 {[%clk 00:00:33]}
{[%emt 00:00:47]} 39. Qd5+ {[%clk 00:40:19]} {[%emt 00:01:09]} Be6 {[%clk
00:00:40]} {[%emt 00:00:23]} 40. Qe5 {[%clk 00:40:35]} {[%emt 00:00:13]} Bd7
{[%clk 00:00:35]} {[%emt 00:00:35]} 41. Qd5+ {[%clk 00:40:58]} {[%emt
00:00:07]} 1/2-1/2

[Event "DEM U10 2022"]
[Site "Willingen GER"]
[Date "2022.06.08"]
[Round "6"]
[White "Thoms, Eric"]
[Black "Bundan, Edward"]
[Result "0-1"]
[Termination "normal"]
[Board "14"]
[WhiteElo "1219"]
[BlackElo "1240"]
[WhiteClock "00:17:08"]
[BlackClock "00:03:21"]
[PlyCount "104"]
[WhiteFideId "34623450"]
[BlackFideId "34603042"]
[EventCountry "GER"]
[EventRounds "11"]
[EventType "swiss"]
[EventDate "2022.06.04"]

1. e4 {[%clk 01:15:57]} {[%emt 00:00:03]} c5 {[%clk 01:15:49]} {[%emt
00:00:12]} 2. Nf3 {[%clk 01:16:18]} {[%emt 00:00:09]} e6 {[%clk 01:16:16]}
{[%emt 00:00:04]} 3. d4 {[%clk 01:16:37]} {[%emt 00:00:09]} cxd4 {[%clk
01:16:36]} {[%emt 00:00:12]} 4. Nxd4 {[%clk 01:16:55]} {[%emt 00:00:10]} Nc6
{[%clk 01:16:57]} {[%emt 00:00:10]} 5. Nc3 {[%clk 01:17:14]} {[%emt 00:00:11]}
Qc7 {[%clk 01:17:23]} {[%emt 00:00:05]} 6. Be3 {[%clk 01:17:33]} {[%emt
00:00:10]} Nf6 {[%clk 01:17:46]} {[%emt 00:00:07]} 7. Qf3 {[%clk 01:17:43]}
{[%emt 00:00:20]} Bb4 {[%clk 01:16:48]} {[%emt 00:01:28]} 8. Ndb5 {[%clk
01:13:25]} {[%emt 00:04:48]} Qa5 {[%clk 01:05:26]} {[%emt 00:11:45]} 9. O-O-O
{[%clk 01:04:14]} {[%emt 00:09:48]} O-O {[%clk 01:02:59]} {[%emt 00:02:58]} 10.
a3 {[%clk 01:01:14]} {[%emt 00:03:30]} Bxc3 {[%clk 00:57:22]} {[%emt 00:06:07]}
11. Nxc3 {[%clk 01:01:24]} {[%emt 00:00:20]} a6 {[%clk 00:57:01]} {[%emt
00:00:51]} 12. h4 {[%clk 00:54:20]} {[%emt 00:07:34]} b5 {[%clk 00:56:25]}
{[%emt 00:01:06]} 13. Bc5 {[%clk 00:51:00]} {[%emt 00:03:50]} Rd8 {[%clk
00:49:03]} {[%emt 00:07:52]} 14. Qe3 {[%clk 00:49:15]} {[%emt 00:02:16]} Rb8
{[%clk 00:42:59]} {[%emt 00:06:33]} 15. Na2 {[%clk 00:43:44]} {[%emt 00:06:02]}
d5 {[%clk 00:36:58]} {[%emt 00:06:31]} 16. Nb4 {[%clk 00:32:24]} {[%emt
00:11:50]} Nxb4 {[%clk 00:32:46]} {[%emt 00:04:42]} 17. Bxb4 {[%clk 00:32:15]}
{[%emt 00:00:38]} Qc7 {[%clk 00:32:26]} {[%emt 00:00:49]} 18. e5 {[%clk
00:29:17]} {[%emt 00:03:30]} Ng4 {[%clk 00:21:37]} {[%emt 00:11:14]} 19. Qg3
{[%clk 00:29:25]} {[%emt 00:00:26]} Nxe5 {[%clk 00:20:47]} {[%emt 00:01:21]}
20. Bc3 {[%clk 00:25:51]} {[%emt 00:04:04]} f6 {[%clk 00:20:15]} {[%emt
00:01:02]} 21. f4 {[%clk 00:25:18]} {[%emt 00:01:03]} Ng6 {[%clk 00:18:00]}
{[%emt 00:02:45]} 22. Bd2 {[%clk 00:24:50]} {[%emt 00:00:57]} e5 {[%clk
00:16:10]} {[%emt 00:02:21]} 23. fxe5 {[%clk 00:23:40]} {[%emt 00:01:39]} Qxe5
{[%clk 00:16:10]} {[%emt 00:00:29]} 24. Qf2 {[%clk 00:22:18]} {[%emt 00:01:51]}
Qf5 {[%clk 00:14:18]} {[%emt 00:02:21]} 25. Qg3 {[%clk 00:21:01]} {[%emt
00:01:50]} Ne5 {[%clk 00:13:18]} {[%emt 00:01:30]} 26. Be2 {[%clk 00:20:01]}
{[%emt 00:01:30]} Bb7 {[%clk 00:12:41]} {[%emt 00:01:07]} 27. Rhf1 {[%clk
00:19:41]} {[%emt 00:00:51]} Qg6 {[%clk 00:12:29]} {[%emt 00:00:42]} 28. Qxg6
{[%clk 00:18:58]} {[%emt 00:01:13]} Nxg6 {[%clk 00:12:43]} {[%emt 00:00:17]}
29. h5 {[%clk 00:18:27]} {[%emt 00:01:01]} Ne5 {[%clk 00:12:42]} {[%emt
00:00:31]} 30. Bf4 {[%clk 00:18:24]} {[%emt 00:00:32]} h6 {[%clk 00:12:36]}
{[%emt 00:00:37]} 31. Bxe5 {[%clk 00:17:42]} {[%emt 00:01:12]} fxe5 {[%clk
00:12:59]} {[%emt 00:00:07]} 32. Bg4 {[%clk 00:17:30]} {[%emt 00:00:41]} Re8
{[%clk 00:12:02]} {[%emt 00:01:28]} 33. Bf5 {[%clk 00:17:42]} {[%emt 00:00:18]}
e4 {[%clk 00:11:50]} {[%emt 00:00:43]} 34. Bg6 {[%clk 00:17:45]} {[%emt
00:00:26]} Re7 {[%clk 00:11:57]} {[%emt 00:00:23]} 35. Rf5 {[%clk 00:17:45]}
{[%emt 00:00:30]} e3 {[%clk 00:10:27]} {[%emt 00:02:00]} 36. Re1 {[%clk
00:17:47]} {[%emt 00:00:28]} d4 {[%clk 00:10:05]} {[%emt 00:00:52]} 37. g4
{[%clk 00:17:50]} {[%emt 00:00:26]} Be4 {[%clk 00:10:08]} {[%emt 00:00:27]} 38.
Rf4 {[%clk 00:17:39]} {[%emt 00:00:41]} Bxg6 {[%clk 00:09:58]} {[%emt
00:00:40]} 39. hxg6 {[%emt 00:00:20]} Rd8 {[%clk 00:09:55]} {[%emt 00:00:23]}
40. Rf3 {[%clk 00:17:53]} {[%emt 00:00:36]} Rde8 {[%clk 00:08:58]} {[%emt
00:01:26]} 41. Kd1 {[%clk 00:16:57]} {[%emt 00:01:27]} Re6 {[%clk 00:08:58]}
{[%emt 00:00:29]} 42. Rf4 {[%clk 00:17:02]} {[%emt 00:00:24]} Rd8 {[%clk
00:08:45]} {[%emt 00:00:43]} 43. Ke2 {[%clk 00:16:37]} {[%emt 00:00:55]} Rxg6
{[%clk 00:08:33]} {[%emt 00:00:42]} 44. Rd1 {[%clk 00:16:51]} {[%emt 00:00:16]}
Rc6 {[%clk 00:07:37]} {[%emt 00:01:26]} 45. c3 {[%clk 00:16:50]} {[%emt
00:00:30]} Rc4 {[%clk 00:05:26]} {[%emt 00:02:33]} 46. Rdxd4 {[%clk 00:16:38]}
{[%emt 00:00:50]} Rdxd4 {[%clk 00:05:16]} {[%emt 00:00:41]} 47. Rxd4 {[%clk
00:16:51]} {[%emt 00:00:17]} Rxd4 {[%clk 00:04:51]} {[%emt 00:00:55]} 48. cxd4
{[%clk 00:17:11]} {[%emt 00:00:10]} Kf7 {[%clk 00:05:07]} {[%emt 00:00:14]} 49.
Kxe3 {[%clk 00:17:32]} {[%emt 00:00:08]} Ke6 {[%clk 00:05:27]} {[%emt
00:00:10]} 50. Ke4 {[%clk 00:17:48]} {[%emt 00:00:15]} g6 {[%clk 00:05:41]}
{[%emt 00:00:17]} 51. b4 {[%clk 00:17:38]} {[%emt 00:00:40]} h5 {[%clk
00:03:41]} {[%emt 00:02:29]} 52. d5+ {[%clk 00:17:08]} {[%emt 00:01:00]} Kd6
{[%clk 00:03:21]} {[%emt 00:00:50]} 0-1

[Event "DEM U10 2022"]
[Site "Willingen GER"]
[Date "2022.06.08"]
[Round "6"]
[White "Schmidt, Jossip"]
[Black "Khanbekyan, Aram"]
[Result "1-0"]
[Termination "normal"]
[Board "28"]
[WhiteElo "1085"]
[BlackElo "998"]
[PlyCount "53"]
[WhiteFideId "34621148"]
[BlackFideId "34606149"]
[EventCountry "GER"]
[EventRounds "11"]
[EventType "swiss"]
[EventDate "2022.06.04"]

1. d4 Nf6 2. Nf3 e6 3. Bf4 b6 4. e3 Bb7 5. Bd3 Be7 6. c3 O-O 7. O-O d6 8. Qc2
c5 9. Nbd2 Nbd7 10. Rfe1 Qc7 11. h3 e5 12. dxe5 dxe5 13. Bg5 e4 14. Nxe4 Bxe4
15. Bxe4 Nxe4 16. Bxe7 Rfe8 17. Qxe4 f5 18. Qxf5 Rxe7 19. Qd5+ Rf7 20. Qxa8+
Rf8 21. Qe4 Nf6 22. Qe5 Qxe5 23. Nxe5 Re8 24. f4 Re7 25. Rad1 Ne4 26. Rd8+ Re8
27. Rxe8# 1-0

[Event "DEM U10 2022"]
[Site "Willingen GER"]
[Date "2022.06.08"]
[Round "6"]
[White "Meurer, Knut"]
[Black "Li, Joshua"]
[Result "0-1"]
[Termination "normal"]
[Board "29"]
[WhiteElo "998"]
[BlackElo "1211"]
[PlyCount "58"]
[WhiteFideId "34623604"]
[BlackFideId "34623639"]
[EventCountry "GER"]
[EventRounds "11"]
[EventType "swiss"]
[EventDate "2022.06.04"]

1. d4 d5 2. c4 e6 3. Nc3 Nf6 4. Nf3 Be7 5. Bf4 O-O 6. e3 c6 7. cxd5 exd5 8. Bd3
Bg4 9. O-O Re8 10. h3 Bh5 11. Be2 Nbd7 12. Qd3 Bb4 13. Ne5 Bxe2 14. Nxe2 Nxe5
15. Bxe5 Ne4 16. f3 Nd2 17. Rfd1 Nc4 18. Bf4 Nxb2 19. Qb1 Nxd1 20. Qxb4 Nxe3
21. Qb1 Nxg2 22. Kxg2 Rxe2+ 23. Kf1 Qe7 24. Bd6 Qxd6 25. Kxe2 Re8+ 26. Kf1 h6
27. Qxb7 Qh2 28. Qb1 Re2 29. Qe1 Qg2# 0-1